<?xml version="1.0" encoding="UTF-8"?>
<record
    xmlns:xsi="http://www.w3.org/2001/XMLSchema-instance"
    xsi:schemaLocation="http://www.loc.gov/MARC21/slim http://www.loc.gov/standards/marcxml/schema/MARC21slim.xsd"
    xmlns="http://www.loc.gov/MARC21/slim">

  <leader>03496cam a2200445 i 4500</leader>
  <controlfield tag="001">23336281</controlfield>
  <controlfield tag="003">OSt</controlfield>
  <controlfield tag="005">20250702151634.0</controlfield>
  <controlfield tag="008">230929s2023    ii a     b    101 0 eng  </controlfield>
  <datafield tag="010" ind1=" " ind2=" ">
    <subfield code="a">  2023347861</subfield>
  </datafield>
  <datafield tag="020" ind1=" " ind2=" ">
    <subfield code="a">9788131612842</subfield>
  </datafield>
  <datafield tag="025" ind1=" " ind2=" ">
    <subfield code="a">I-E-2023347861; 61-90; 62-90</subfield>
  </datafield>
  <datafield tag="035" ind1=" " ind2=" ">
    <subfield code="a">23336281</subfield>
  </datafield>
  <datafield tag="037" ind1=" " ind2=" ">
    <subfield code="b">Library of Congress -- New Delhi Overseas Office</subfield>
  </datafield>
  <datafield tag="040" ind1=" " ind2=" ">
    <subfield code="a">DLC</subfield>
    <subfield code="b">eng</subfield>
    <subfield code="e">rda</subfield>
    <subfield code="c">DLC</subfield>
    <subfield code="d">DLC</subfield>
  </datafield>
  <datafield tag="042" ind1=" " ind2=" ">
    <subfield code="a">lcode</subfield>
    <subfield code="a">pcc</subfield>
  </datafield>
  <datafield tag="043" ind1=" " ind2=" ">
    <subfield code="a">a-ii---</subfield>
  </datafield>
  <datafield tag="050" ind1="0" ind2="0">
    <subfield code="a">HN690.Z9</subfield>
  </datafield>
  <datafield tag="082" ind1=" " ind2=" ">
    <subfield code="a">303.40954 </subfield>
    <subfield code="b">BAG/G</subfield>
  </datafield>
  <datafield tag="111" ind1="2" ind2=" ">
    <subfield code="a">National Seminar on 'Gandhi: Tribal and Rural Development'</subfield>
    <subfield code="d">(2019 :</subfield>
    <subfield code="c">Udaipur, Rajasthan, India),</subfield>
    <subfield code="j">author.</subfield>
  </datafield>
  <datafield tag="245" ind1="1" ind2="0">
    <subfield code="a">Gandhi, tribes and rural development /</subfield>
    <subfield code="c">edited by Tilak Bagchi.</subfield>
  </datafield>
  <datafield tag="264" ind1=" " ind2="1">
    <subfield code="a">Jaipur :</subfield>
    <subfield code="b">Rawat Publications,</subfield>
    <subfield code="c">[2023]</subfield>
  </datafield>
  <datafield tag="300" ind1=" " ind2=" ">
    <subfield code="a">204 pages :</subfield>
    <subfield code="b">illustration (black and white) ;</subfield>
    <subfield code="c">23 cm</subfield>
  </datafield>
  <datafield tag="336" ind1=" " ind2=" ">
    <subfield code="a">text</subfield>
    <subfield code="b">txt</subfield>
    <subfield code="2">rdacontent</subfield>
  </datafield>
  <datafield tag="337" ind1=" " ind2=" ">
    <subfield code="a">unmediated</subfield>
    <subfield code="b">n</subfield>
    <subfield code="2">rdamedia</subfield>
  </datafield>
  <datafield tag="338" ind1=" " ind2=" ">
    <subfield code="a">volume</subfield>
    <subfield code="b">nc</subfield>
    <subfield code="2">rdacarrier</subfield>
  </datafield>
  <datafield tag="500" ind1=" " ind2=" ">
    <subfield code="a">Copyright: Anthropological Survey of India, Government of India, Kolkata.</subfield>
  </datafield>
  <datafield tag="504" ind1=" " ind2=" ">
    <subfield code="a">Includes bibliographical references and index.</subfield>
  </datafield>
  <datafield tag="505" ind1="0" ind2=" ">
    <subfield code="g">1.</subfield>
    <subfield code="t">Introduction /</subfield>
    <subfield code="r">Tilak Bagchi -- 2.</subfield>
    <subfield code="t">Gandhian model of development and his views on modernity and post-modernity in India /</subfield>
    <subfield code="r">S.L. Sharma -- 3.</subfield>
    <subfield code="t">Mahatma Gandhi: a great visionary leader /</subfield>
    <subfield code="r">B.P. Bhatnagar -- 4.</subfield>
    <subfield code="t">Gandhi on protest and reconstruction of society /</subfield>
    <subfield code="r">N.K. Bhargava and P.C. Jain -- 5.</subfield>
    <subfield code="t">Gandhi's rural development perspective: present day scenario in rural and tribal areas of India /</subfield>
    <subfield code="r">Debashis Debnath -- 6.</subfield>
    <subfield code="t">Mahatma Gandhi and tribes of India /</subfield>
    <subfield code="r">R.P. Mitra -- 7.</subfield>
    <subfield code="t">Impact of Gandhi on tribes of India: the subliminal, direct and coordinate influences /</subfield>
    <subfield code="r">Nishant Gokhale -- 8.</subfield>
    <subfield code="t">Gandhian model of development and rights of the tribes in India /</subfield>
    <subfield code="r">H.S. Chandalia -- 9.</subfield>
    <subfield code="t">Gandhian concept of rural development /</subfield>
    <subfield code="r">Brij Kishore Sharma -- 10.</subfield>
    <subfield code="t">Gandhian vision on rural-tribal development and its importance on Swachh Bharat Movement /</subfield>
    <subfield code="r">Ashok Kumar Sahani -- 11.</subfield>
    <subfield code="t">Gandhian philosophy in the Indian economics and rural milieu /</subfield>
    <subfield code="r">K.M. Sinha Roy -- 12.</subfield>
    <subfield code="t">Renewing Gandhi's thoughts on rural entrepreneurship development: reference to possibilities of mushroom farming in India /</subfield>
    <subfield code="r">Arabinda Mitra, Pijush K. Ghosh and Palash C. Coomar -- 13.</subfield>
    <subfield code="t">Role of Gandhian organizations in rural reconstruction: a case study of Paschim Medinipur District in West Bengal /</subfield>
    <subfield code="r">Tuhin Kanti Das -- 14.</subfield>
    <subfield code="t">Gandhian perspective on rural development /</subfield>
    <subfield code="r">Anju Beniwal -- 15.</subfield>
    <subfield code="t">Relevance of Gandhi's educational thoughts in the present times /</subfield>
    <subfield code="r">Shruti Tandon -- 16.</subfield>
    <subfield code="t">Gandhi as people's leader in national movement /</subfield>
    <subfield code="r">Pritish Chaudhuri.</subfield>
  </datafield>
  <datafield tag="520" ind1=" " ind2=" ">
    <subfield code="a">Contributed papers presented at National Seminar on 'Gandhi: Tribal and Rural Development', organized by Anthropological Survey of India, Western Regional Centre, held at Udaipur on January 29-30, 2019.</subfield>
  </datafield>
  <datafield tag="600" ind1="1" ind2="0">
    <subfield code="a">Gandhi, Mahatma</subfield>
    <subfield code="d">1869-1948</subfield>
    <subfield code="c">Mahatma,</subfield>
    <subfield code="x">Political and social views</subfield>
    <subfield code="v">Congresses.</subfield>
    <subfield code="9">22</subfield>
  </datafield>
  <datafield tag="650" ind1=" " ind2="0">
    <subfield code="a">Rural development</subfield>
    <subfield code="z">India</subfield>
    <subfield code="v">Congresses.</subfield>
  </datafield>
  <datafield tag="650" ind1=" " ind2="0">
    <subfield code="a">Tribes</subfield>
    <subfield code="x">Government policy</subfield>
    <subfield code="z">India</subfield>
    <subfield code="v">Congresses.</subfield>
  </datafield>
  <datafield tag="655" ind1=" " ind2="7">
    <subfield code="a">Conference papers and proceedings.</subfield>
    <subfield code="2">lcgft</subfield>
  </datafield>
  <datafield tag="700" ind1="1" ind2=" ">
    <subfield code="a">Bagchi, Tilak,</subfield>
    <subfield code="e">editor.</subfield>
  </datafield>
  <datafield tag="710" ind1="2" ind2=" ">
    <subfield code="a">Anthropological Survey of India.</subfield>
    <subfield code="b">Western Regional Centre,</subfield>
    <subfield code="e">copyright holder,</subfield>
    <subfield code="e">organizer,</subfield>
    <subfield code="e">publisher.</subfield>
  </datafield>
  <datafield tag="906" ind1=" " ind2=" ">
    <subfield code="a">7</subfield>
    <subfield code="b">cbc</subfield>
    <subfield code="c">origode</subfield>
    <subfield code="d">3</subfield>
    <subfield code="e">ncip</subfield>
    <subfield code="f">20</subfield>
    <subfield code="g">y-gencatlg</subfield>
  </datafield>
  <datafield tag="942" ind1=" " ind2=" ">
    <subfield code="2">ddc</subfield>
    <subfield code="c">BK</subfield>
    <subfield code="h">303.40954 </subfield>
    <subfield code="i">BAG/G</subfield>
    <subfield code="k">303.40954 </subfield>
    <subfield code="m">BAG/G</subfield>
  </datafield>
  <datafield tag="952" ind1=" " ind2=" ">
    <subfield code="0">0</subfield>
    <subfield code="1">0</subfield>
    <subfield code="2">ddc</subfield>
    <subfield code="4">0</subfield>
    <subfield code="7">0</subfield>
    <subfield code="8">SOCIAL SCIENCE</subfield>
    <subfield code="a">MES</subfield>
    <subfield code="b">MES</subfield>
    <subfield code="c">SOCIAL SCIENCE</subfield>
    <subfield code="d">2025-07-02</subfield>
    <subfield code="l">0</subfield>
    <subfield code="o">303.40954  BAG/G</subfield>
    <subfield code="p">46059</subfield>
    <subfield code="r">2025-07-02 15:16:20</subfield>
    <subfield code="v">995.00</subfield>
    <subfield code="w">2025-07-02</subfield>
    <subfield code="y">BK</subfield>
    <subfield code="z">GL50R3</subfield>
  </datafield>
  <datafield tag="999" ind1=" " ind2=" ">
    <subfield code="c">44597</subfield>
    <subfield code="d">44597</subfield>
  </datafield>
</record>
